000 00345nam a2200121Ia 4500
005 20251222141812.0
008 251222s9999||||xx |||||||||||||| ||spa||
082 _a384.54/C31
100 _aCarrillo Hernández, Nancy
245 0 _aAnálisis Comparativo de los Servicios Exteriores de la Radiodifusión Europea
264 _bCONCYTEC
942 _cLIB
999 _c6497
_d6497